<?xml version="1.0" encoding="UTF-8"?><?xml-stylesheet type="text/xsl" href="static/style.xsl"?><OAI-PMH xmlns="http://www.openarchives.org/OAI/2.0/" xmlns:xsi="http://www.w3.org/2001/XMLSchema-instance" xsi:schemaLocation="http://www.openarchives.org/OAI/2.0/ http://www.openarchives.org/OAI/2.0/OAI-PMH.xsd"><responseDate>2026-04-13T03:04:24Z</responseDate><request verb="GetRecord" identifier="oai:www.recercat.cat:11351/13089" metadataPrefix="marc">https://recercat.cat/oai/request</request><GetRecord><record><header><identifier>oai:recercat.cat:11351/13089</identifier><datestamp>2025-10-24T10:30:23Z</datestamp><setSpec>com_2072_378070</setSpec><setSpec>com_2072_378040</setSpec><setSpec>col_2072_378092</setSpec></header><metadata><record xmlns="http://www.loc.gov/MARC21/slim" xmlns:dcterms="http://purl.org/dc/terms/" xmlns:xsi="http://www.w3.org/2001/XMLSchema-instance" xmlns:doc="http://www.lyncode.com/xoai" xsi:schemaLocation="http://www.loc.gov/MARC21/slim http://www.loc.gov/standards/marcxml/schema/MARC21slim.xsd">
   <leader>00925njm 22002777a 4500</leader>
   <datafield ind2=" " ind1=" " tag="042">
      <subfield code="a">dc</subfield>
   </datafield>
   <datafield ind2=" " ind1=" " tag="720">
      <subfield code="a">Paez-Vega, Aurora</subfield>
      <subfield code="e">author</subfield>
   </datafield>
   <datafield ind2=" " ind1=" " tag="720">
      <subfield code="a">Vaquero Barrios, José Manuel</subfield>
      <subfield code="e">author</subfield>
   </datafield>
   <datafield ind2=" " ind1=" " tag="720">
      <subfield code="a">Ruiz-Arabi, Elisa</subfield>
      <subfield code="e">author</subfield>
   </datafield>
   <datafield ind2=" " ind1=" " tag="720">
      <subfield code="a">Iturbe, David</subfield>
      <subfield code="e">author</subfield>
   </datafield>
   <datafield ind2=" " ind1=" " tag="720">
      <subfield code="a">Alonso Moralejo, Rodrigo</subfield>
      <subfield code="e">author</subfield>
   </datafield>
   <datafield ind2=" " ind1=" " tag="720">
      <subfield code="a">Ussetti, Piedad</subfield>
      <subfield code="e">author</subfield>
   </datafield>
   <datafield ind2=" " ind1=" " tag="720">
      <subfield code="a">Monforte, Victor</subfield>
      <subfield code="e">author</subfield>
   </datafield>
   <datafield ind2=" " ind1=" " tag="720">
      <subfield code="a">Berastegui Garcia, Cristina</subfield>
      <subfield code="e">author</subfield>
   </datafield>
   <datafield ind2=" " ind1=" " tag="260">
      <subfield code="c">2025-05-15T07:37:19Z</subfield>
   </datafield>
   <datafield ind2=" " ind1=" " tag="260">
      <subfield code="c">2025-05-15T07:37:19Z</subfield>
   </datafield>
   <datafield ind2=" " ind1=" " tag="260">
      <subfield code="c">2025-05</subfield>
   </datafield>
   <datafield ind2=" " ind1=" " tag="520">
      <subfield code="a">Cytomegalovirus infection; Immunoguided prophylaxis; Lung transplantation</subfield>
   </datafield>
   <datafield ind2=" " ind1=" " tag="520">
      <subfield code="a">Infecció per citomegalovirus; Profilaxi immunoguiada; Trasplantament de pulmó</subfield>
   </datafield>
   <datafield ind2=" " ind1=" " tag="520">
      <subfield code="a">Infección por citomegalovirus; Profilaxis inmunoguiada; Trasplante de pulmón</subfield>
   </datafield>
   <datafield ind2=" " ind1=" " tag="520">
      <subfield code="a">Background&#xd;
The standard prophylaxis treatment for cytomegalovirus (CMV) disease in CMV-seropositive lung transplant recipients is six months of prophylaxis with valganciclovir followed by six months of pre-emptive therapy. This protocol is associated with adverse events and risk of resistance. We have previously shown that prophylaxis can be suspended in CMV-seropositive kidney transplant recipients receiving thymoglobulin without increasing the risk of CMV disease and reducing the incidence of neutropenia. The objective of the current study is to demonstrate that immunoguided prophylaxis is effective and safe in seropositive lung transplant recipients.&#xd;
Methods&#xd;
A phase III, multicentre, randomised, open-label, noninferiority clinical trial was conducted in adult lung transplant recipients. Patients were randomised (1:1) to two groups: (1) immunoguided prophylaxis (IP), consisting of 3 months of universal prophylaxis followed by CMV-specific cell-mediated immunity-guided discontinuation, or (2) standard prophylaxis (SP), consisting of 6 months of prophylaxis followed by pre-emptive therapy, both for a total of 12 months. The noninferiority margin was 7%. The primary and secondary efficacy endpoints were CMV disease and asymptomatic CMV replication at month 18. The primary and secondary safety endpoints were incidence of neutropenia (defined as neutrophil count &lt;1500 cells/μL), incidence of rejection and number of days of valganciclovir prophylaxis. This trial was registered in EudraCT (2018-003300-39) and ClinicalTrials.gov (NCT03699254). This trial has been completed.&#xd;
Findings&#xd;
Patients were recruited between April 2019 and December 2021 in seven Spanish centres. A total of 150 patients were randomised (75 patients per group). Incidence of CMV disease at month 18 did not differ among groups (18·7% [14 patients] vs. 16·0% [12 patients]; risk difference [RD] −0·03 [95% CI −0·15% to 0·06%]; P = 0·620) but occurred earlier in the IP group compared to the SP group. The proportion of patients who developed CMV disease at ≤180 days after transplant was higher in the IP group compared with the SP group (8% [6 patients] vs. 0% [0 patients]; RD −0·08 [95% CI −0·14 to −0·02; P = 0·009]). Asymptomatic CMV replication was reduced in the IP group vs. the SP group (4·0% [3 patients] vs. 16·0% [12 patients]; adjusted RD 0·12 [95% CI 0·03–0·21; P = 0·009]). A total of 30 patients (40%) in the IP group did not require prophylaxis from month 4 to 12. No significant difference was observed in the proportion of patients with neutropenia during months 4 to 7 (14·7% [11 patients] vs. 25·3% [19 patients]; RD 0·11 [95% CI −0·02 to 0·23]; P = 0·090) or rejection (33·3% [25 patients] vs. 30·7% [23 patients]; RD −0·03 [95% CI −0·18 to 0·12; P = 0·690]). The median days of valganciclovir was lower in the IP group than in the SP group (137 [92–266] vs. 198 [173–281]; P &lt; 0.001).&#xd;
Interpretation&#xd;
Immunoguided prophylaxis was noninferior to the standard of care in preventing CMV disease in lung transplant recipients. It could be considered for implementing in clinical practice in CMV-seropositive lung transplant recipients upon considering the study limitations.</subfield>
   </datafield>
   <datafield ind2=" " ind1=" " tag="520">
      <subfield code="a">Carlos III Health Institute, the SATOT Research Grant, the CIBER (Biomedical Network Research Centre Consortium), the Ministry of Science and Innovation, and the European Union.</subfield>
   </datafield>
   <datafield ind1="8" ind2=" " tag="024">
      <subfield code="a">http://hdl.handle.net/11351/13089</subfield>
   </datafield>
   <datafield tag="653" ind2=" " ind1=" ">
      <subfield code="a">Avaluació de resultats (Assistència sanitària)</subfield>
   </datafield>
   <datafield tag="653" ind2=" " ind1=" ">
      <subfield code="a">Pulmons - Trasplantació</subfield>
   </datafield>
   <datafield tag="653" ind2=" " ind1=" ">
      <subfield code="a">Medicaments antivírics - Ús terapèutic</subfield>
   </datafield>
   <datafield tag="653" ind2=" " ind1=" ">
      <subfield code="a">Infeccions per citomegalovirus - Prevenció</subfield>
   </datafield>
   <datafield tag="653" ind2=" " ind1=" ">
      <subfield code="a">Infeccions per citomegalovirus - Tractament</subfield>
   </datafield>
   <datafield tag="653" ind2=" " ind1=" ">
      <subfield code="a">ANALYTICAL, DIAGNOSTIC AND THERAPEUTIC TECHNIQUES, AND EQUIPMENT::Diagnosis::Prognosis::Treatment Outcome</subfield>
   </datafield>
   <datafield tag="653" ind2=" " ind1=" ">
      <subfield code="a">DISEASES::Virus Diseases::DNA Virus Infections::Herpesviridae Infections::Cytomegalovirus Infections</subfield>
   </datafield>
   <datafield tag="653" ind2=" " ind1=" ">
      <subfield code="a">Other subheadings::Other subheadings::Other subheadings::/drug therapy</subfield>
   </datafield>
   <datafield tag="653" ind2=" " ind1=" ">
      <subfield code="a">ANALYTICAL, DIAGNOSTIC AND THERAPEUTIC TECHNIQUES, AND EQUIPMENT::Surgical Procedures, Operative::Thoracic Surgical Procedures::Pulmonary Surgical Procedures::Lung Transplantation</subfield>
   </datafield>
   <datafield tag="653" ind2=" " ind1=" ">
      <subfield code="a">ANALYTICAL, DIAGNOSTIC AND THERAPEUTIC TECHNIQUES, AND EQUIPMENT::Therapeutics::Drug Therapy::Chemoprevention::Antibiotic Prophylaxis</subfield>
   </datafield>
   <datafield tag="653" ind2=" " ind1=" ">
      <subfield code="a">CHEMICALS AND DRUGS::Chemical Actions and Uses::Pharmacologic Actions::Therapeutic Uses::Anti-Infective Agents::Antiviral Agents</subfield>
   </datafield>
   <datafield tag="653" ind2=" " ind1=" ">
      <subfield code="a">Other subheadings::Other subheadings::/therapeutic use</subfield>
   </datafield>
   <datafield tag="653" ind2=" " ind1=" ">
      <subfield code="a">TÉCNICAS Y EQUIPOS ANALÍTICOS, DIAGNÓSTICOS Y TERAPÉUTICOS::diagnóstico::pronóstico::resultado del tratamiento</subfield>
   </datafield>
   <datafield tag="653" ind2=" " ind1=" ">
      <subfield code="a">ENFERMEDADES::virosis::infecciones por virus ADN::infecciones por Herpesviridae::infecciones por Citomegalovirus</subfield>
   </datafield>
   <datafield tag="653" ind2=" " ind1=" ">
      <subfield code="a">Otros calificadores::Otros calificadores::Otros calificadores::/farmacoterapia</subfield>
   </datafield>
   <datafield tag="653" ind2=" " ind1=" ">
      <subfield code="a">TÉCNICAS Y EQUIPOS ANALÍTICOS, DIAGNÓSTICOS Y TERAPÉUTICOS::intervenciones quirúrgicas::procedimientos quirúrgicos torácicos::procedimientos quirúrgicos pulmonares::trasplante de pulmón</subfield>
   </datafield>
   <datafield tag="653" ind2=" " ind1=" ">
      <subfield code="a">TÉCNICAS Y EQUIPOS ANALÍTICOS, DIAGNÓSTICOS Y TERAPÉUTICOS::terapéutica::farmacoterapia::quimioprevención::profilaxis antibiótica</subfield>
   </datafield>
   <datafield tag="653" ind2=" " ind1=" ">
      <subfield code="a">COMPUESTOS QUÍMICOS Y DROGAS::acciones y usos químicos::acciones farmacológicas::usos terapéuticos::antiinfecciosos::antivíricos</subfield>
   </datafield>
   <datafield tag="653" ind2=" " ind1=" ">
      <subfield code="a">Otros calificadores::Otros calificadores::/uso terapéutico</subfield>
   </datafield>
   <datafield ind2="0" ind1="0" tag="245">
      <subfield code="a">Safety and efficacy of immunoguided prophylaxis for cytomegalovirus disease in low-risk lung transplant recipients in Spain: a multicentre, open-label, randomised, phase 3, noninferiority trial</subfield>
   </datafield>
</record></metadata></record></GetRecord></OAI-PMH>